| 000 | 00569nam a2200169 4500 | ||
|---|---|---|---|
| 001 | 148425 | ||
| 003 | ES-MaACL | ||
| 005 | 20230906202626.0 | ||
| 007 | t| | ||
| 008 | 070214s1973 sp r ||||1| spa d | ||
| 100 | 1 |
_aEdith Stein _cSanta ( _d1891-1942) _946641 |
|
| 245 | 1 | 0 |
_aEstrellas amarillas _b: autobiografía : infancia y juventud / _cEdith Stein ; traducción de Carlos Castro Cubells. |
| 260 |
_aMadrid : _bEspiritualidad, _c1973. |
||
| 300 |
_a329 p., 7 lám. ; _c23 cm. |
||
| 700 | 1 |
_aCastro Cubells, Carlos. _936913 |
|
| 852 |
_aES-MaACL _jC-54675 _bR.87371 |
||
| 999 |
_c148425 _d148425 |
||